Loading...
| Current Events | 1 | 20.00 | 100% | 100% | 0% |
| Fine Arts - Classical Music | 2 | 10.00 | 100% | 0% | 0% |
| Fine Arts - Other Fine Arts | 2 | 20.00 | 100% | 50% | 50% |
| Fine Arts - Painting and Sculpture | 4 | 15.00 | 100% | 50% | 0% |
| History - American History | 4 | 10.00 | 75% | 25% | 0% |
| History - European History | 8 | 18.75 | 100% | 63% | 25% |
| History - Other History | 3 | 13.33 | 100% | 33% | 0% |
| History - World History | 4 | 17.50 | 50% | 100% | 25% |
| Literature - American Literature | 6 | 10.00 | 100% | 0% | 0% |
| Literature - British Literature | 6 | 15.00 | 100% | 50% | 0% |
| Literature - European Literature | 5 | 8.00 | 80% | 0% | 0% |
| Literature - World Literature | 4 | 12.50 | 100% | 25% | 0% |
| Mythology | 7 | 12.86 | 86% | 43% | 0% |
| Philosophy | 6 | 13.33 | 100% | 17% | 17% |
| Pop Culture | 2 | 15.00 | 100% | 50% | 0% |
| Religion | 4 | 10.00 | 75% | 25% | 0% |
| Science - Biology | 5 | 8.00 | 80% | 0% | 0% |
| Science - Chemistry | 4 | 5.00 | 50% | 0% | 0% |
| Science - Other Science | 7 | 18.57 | 100% | 57% | 29% |
| Science - Physics | 4 | 12.50 | 100% | 25% | 0% |
| Social Science | 7 | 12.86 | 86% | 29% | 14% |